Rudolf Steindl: O smrti

Bibliographic Details
Main Author: Jágerová, Margita, 1974- (Author)
Format: Article
Language:Slovak
ISSN:1335-1303
Subjects:

MARC

LEADER 00000nab a2200000 a 4500
001 vtls000759450
003 SK-MaSNL
005 20260304142721.0
008 250505c2001 xo 0 slo
015 |a SNBRB2001/06-18315 
035 |a CLN000111237 
035 |a urn:nbn:sk:snk-ablug 
035 |a (urnnbn)urn:nbn:sk:snk:ar-a039rk 
035 |a (uuid)5e61a300-2d66-40a2-bc5f-ec271062809a 
040 |a SNKBUCL  |b slo  |c SNKBUCL  |e AACR2 
041 0 |a slo 
044 |a xo  |c SK 
080 |a 128(048)  |2 1997 
080 |a 612.013:128(048)  |2 1997 
080 |a 236.1(048)  |2 1997 
100 1 |a Jágerová, Margita,  |d 1974-  |4 aut  |9 218155 
245 1 0 |a Rudolf Steindl: O smrti  |c Margita Jágerová 
650 0 7 |a smrť  |x aspekty filozofické  |x recenzie  |2 snkbucl  |9 909707 
655 7 |a články z novín a časopisov  |2 snkbucl  |9 267496 
773 0 |t Slovenský národopis  |g Roč. 49, č. 1 (2001), s. 138-139  |x 1335-1303 
787 0 8 |i Rec.:  |a Steindl, Rudolf, 1944-  |t O smrti  |d Bratislava : Iris, 2000  |z 8088778905 
850 |a Slovenská národná knižnica 
852 |a Slovenská národná knižnica 
954 |a odborná, vedecká literatúra pôvodná (slovenská)  |2 lita 
958 |a article27 
958 |a RC 
958 |a OND 
958 |a EUIPO 
992 |a RBX 
999 |c 2922513  |d 2924443